000 00666cab a2200205 4500
001 ABS38176
008 090401t1987 xxu||||| |||| 00| 0 eng d
035 _a(Sirsi) u9023
041 _aeng
110 _aRoyal Institution of Chartered Surveyors
_bInsurance Services
_9643
245 _aHow geography affects premiums
260 _c1987
350 _a0
490 _aChartered Surveyor Weekly
_v20(12) 24 September 1987, 38(1)
520 _aRICS Insurance Services examines whether there is a correlation between geographical location and assessment of premium rating.
650 _aPREMIUMS
690 _aInsurance
_96249
942 _n0
948 _c04/03/1997
999 _c5593
_d5593